ऐतिहासिक निवेदने ( क.क्र.26/4 ) (Record no. 425275)

MARC details
000 -LEADER
fixed length control field 00743nam a2200169Ia 4500
008 - FIXED-LENGTH DATA ELEMENTS--GENERAL INFORMATION
fixed length control field 100122s9999 xx 000 0 und d
082 ## - DEWEY DECIMAL CLASSIFICATION NUMBER
Item number 45981
Classification number 81
100 ## - MAIN ENTRY--PERSONAL NAME
Personal name सावरकर विनायक दामोदर
245 ## - TITLE STATEMENT
Title ऐतिहासिक निवेदने ( क.क्र.26/4 )
260 ## - PUBLICATION, DISTRIBUTION, ETC. (IMPRINT)
Name of publisher, distributor, etc वीर सावरकर प्रकाशन
Date of publication, distribution, etc 1982
300 ## - PHYSICAL DESCRIPTION
Extent 210
520 ## - SUMMARY, ETC.
Summary, etc स्वांतंत्र्यवीर सावरकर
620 ## -
-- स्वांतंत्र्यवीर सावरकर
630 ## - SUBJECT ADDED ENTRY--UNIFORM TITLE
Uniform title ऐतिहासिक निवेदने ( क.क्र.26/4 )
730 ## - ADDED ENTRY--UNIFORM TITLE
Uniform title ऐतिहासिक निवेदने ( क.क्र.26/4 )
942 ## - ADDED ENTRY ELEMENTS (KOHA)
Koha item type Book
Holdings
Withdrawn status Lost status Damaged status Not for loan Home library Current library Date acquired Cost, normal purchase price Total Checkouts Full call number Barcode Date last seen Cost, replacement price Price effective from Koha item type Public note
        S.V. Pathak Library, Vile Parle S.V. Pathak Library, Vile Parle 11/21/1991 30.00   45981 SVPPARLE-45981 01/25/2010 30.00 01/25/2010 Book General NA